[Event "AUT-ch"]
[Site "Graz"]
[Date "2017.08.14"]
[Round "3"]
[White "Schachinger, Mario"]
[Black "Matosec, Thomas"]
[Result "1/2-1/2"]
[WhiteElo "2420"]
[BlackElo "2102"]
[PlyCount "154"]
[EventDate "2017.08.12"]
[EventType "swiss"]
[EventRounds "9"]
[EventCountry "AUT"]
[SourceTitle "CBM 180 Extra"]
[Source "ChessBase"]
[SourceDate "2017.10.06"]
[SourceVersion "1"]
[SourceVersionDate "2017.10.06"]
[SourceQuality "1"]

1. c4 e6 2. Nf3 d5 3. e3 Nf6 4. b3 b6 5. Bb2 Bb7 6. Nc3 Nbd7 7. cxd5 exd5 8. Be2 Be7 9. 0-0 0-0 10. Rc1 a6 11. Rc2 Ne4 12. Qa1 Bf6 13. Rfc1 Rc8 14. Nxe4 Bxb2 15. Qxb2 dxe4 16. Nd4 g6 17. Nc6 Bxc6 18. Rxc6 Nc5 19. b4 Qd5 20. Rf6 Nd3 21. Bxd3 Qxd3 22. Rfc6 Rfd8 23. R1c2 Rd6 24. R6c3 Qe2 25. Qc1 Rcd8 26. d4 exd3 27. Rd2 Qg4 28. Rc4 Qd7 29. Rxc7 Qb5 30. Qc4 Rd5 31. a3 a5 32. f3 axb4 33. axb4 Qxc4 34. Rxc4 f5 35. Kf2 Kf7 36. g4 fxg4 37. Rxg4 Rc8 38. e4 Rd4 39. Ke3 Rxb4 40. Rxd3 Rc7 41. h4 Rbc4 42. Rg5 Rc3 43. Rxc3 Rxc3+ 44. Kf4 h6 45. Rb5 Rc6 46. h5 g5+ 47. Ke5 Ke7 48. Kd4 Rd6+ 49. Ke3 Kd7 50. e5 Rc6 51. Kd4 Ke6 52. Rd5 Ke7 53. Rb5 Ke6 54. Rb3 Kf5 55. Rb4 Re6 56. Rb5 Kf4 57. Rd5 Kxf3 58. Rd6 Re8 59. Rf6+ Kg4 60. Rxh6 b5 61. Rb6 Kxh5 62. e6 Kg6 63. Ke5 g4 64. Rxb5 Kg5 65. Rb7 Kh4 66. Rh7+ Kg3 67. e7 Kf3 68. Rf7+ Ke3 69. Rg7 Kf3 70. Kd6 g3 71. Rf7+ Kg4 72. Rf8 Rxe7 73. Kxe7 g2 74. Ke6 Kg3 75. Ke5 g1Q 76. Rg8+ Kf2 77. Rxg1 Kxg1 1/2-1/2